00787 a2200385 4500000002100000001000700021005001700028008004100045010000500086020000500091082001600096100004400112110000500156245006600161250000500227260004500232300001000277490000700287500000500294600000500299610000500304611000500309630000500314650000500319651000500324654000500329700002400334710000900358711000500367720000500372730000500377740000500382752000500387856000900392BKB 13650720200902153042.0  a a a620.5bZ61C1 acarbon nanotubes and their applications a1 acarbon nanotubes and their applicationscedited by Qing Zhang a aSingaporebPan stanford publishingc2012 a573p. av a a a a a a a a aZhang, Qing ed.bc abc a a a a a adf